000 00452nam a2200181Ia 4500
001 21486
005 20260306172923.0
008 260306t2021||||xx |||||||||||||| ||spa||
041 _aESP
082 _a345.1
_bG312 T. 4
110 _aGaceta Jurídica
245 0 _aCódigo procesal penal comentado :
_bartículos 446 al 566
260 _c2021
300 _a622 páginas :
_c25 cm.
650 _aGEN
654 _aCDE
942 _cLIB
_dJUS
_fJUS
_2ddc
_n
999 _c21486
_d21486